000 00448ngm a2200181 i 4500
001 C2-0314315
003 PPAK
005 20180727221156.0
008 111218s2008 my |||| ||||| | vlchi d
040 _aPPAK
_beng
_cPPAK
_erda
245 0 0 _aShaolin
264 1 _aKuala Lumpur :
_bSpeedy Video ,
_c2008
336 _2rdacontent
_atext
337 _2rdamedia
_aunmediated
338 _2rdacarrier
_avolume
700 _eauthor
942 _2ddc
_cDVD
999 _c166923
_d166923